• 首页
  • 本馆介绍
  • 公告通知
  • 最新文献
  • 馆藏检索
  • 电子资源
  • 读者导购
  • 参考咨询
  • 我的图书馆
  • 登录
  • 详细信息显示
  • 放入我的书架
  • 预约/预借图书
  • 作者相关作品
  • 分类相关作品
  • 丛书相关作品
  • 出版社相关作品

书目信息

  • 表格格式
  • 工作单格式
  • 卡片格式
题名:
越-英-汉时事新闻框架语义研究
    
 
作者: 林丽, 著
分册:  
出版信息: 北京   时事出版社  2017
页数: 318页
开本: 24cm
丛书名:
单 册:
中图分类: G210 , H030
科图分类:
主题词: 新闻--Xin Wen--语义学--研究--越南语--英语--汉语
电子资源:
ISBN: 978-7-5195-0064-1
000 01181nam0 2200277 450
001 012001004417
005 20131022144353.0
010    @a978-7-5195-0064-1@dCNY80.00
099    @aCAL 012017059907
100    @a20170417d2017 em y0chiy50 ea
101 0  @achi
102    @aCN@b110000
105    @aak a 000yy
106    @ar
200 1  @a越-英-汉时事新闻框架语义研究@AYue - Ying - Han Shi Shi Xin Wen Kuang Jia Yu Yi Yan Jiu@d= A study of vietanmese, English and Chinese current affair news from the perspective of frame semantics@f林丽著@zeng
210    @a北京@c时事出版社@d2017
215    @a318页@c图@d24cm
320    @a有书目 (第244-264页)
330    @a本书共分为七章,主要内容包括:绪论、框架语义研究综述、面向领域的多语框架语义表示(DOMLFSR)模式、越-英-汉时事新闻框架网络的体系构建、越-英-汉时事新闻框架网络例句标注与词元库构建等。
510 1  @aStudy of vietanmese, English and Chinese current affair news from the perspective of frame semantics@zeng
606 0  @a新闻@AXin Wen@x语义学@x研究@y越南语@x英语@x汉语
690    @aG210@v4
690    @aH030@v4
701  0 @a林丽,@ALin Li@f1979-@4著
801  0 @b江苏凤凰@c20191020
905    @b1223170-5@dG210@e905@f6
    
    越-英-汉时事新闻框架语义研究= A study of vietanmese, English and Chinese current affair news from the perspective of frame semantics/林丽著.-北京:时事出版社,2017
    318页:图;24cm
    
    
    ISBN 978-7-5195-0064-1:CNY80.00
    本书共分为七章,主要内容包括:绪论、框架语义研究综述、面向领域的多语框架语义表示(DOMLFSR)模式、越-英-汉时事新闻框架网络的体系构建、越-英-汉时事新闻框架网络例句标注与词元库构建等。
●
相关链接 在E读中查询图书 在五车中查询图书 在当当中查询图书 在豆瓣中查询图书


正题名:越-英-汉时事新闻框架语义研究     索取号:G210/905         预约/预借

序号 登录号 条形码 馆藏地/架位号 状态 备注
1 1223170   212231707   第一样本阅览室/ [索取号:G210/905] 在馆    
2 1223171   212231716   教育系资料室/ [索取号:G210/905] 在馆    
3 1223172   212231725   教育系资料室/ [索取号:G210/905] 在馆    
4 1223173   212231734   教育系资料室/ [索取号:G210/905] 在馆    
5 1223174   212231743   第四借阅区/ [索取号:G210/905] 在馆    
6 1223175   212231752   第四借阅区/ [索取号:G210/905] 在馆    
唐山师范学院图书馆 欢迎您!
大连网信软件有限公司© 版权所有